| 000 | 01226nam0a22003251 4500 | ||
|---|---|---|---|
| 001 | RU\NLR\INFOCOMM_41\5000247781 | ||
| 005 | 20250613090423.0 | ||
| 035 | _a(NLR Aleph) 009066151 | ||
| 090 |
_a7894155 _c7894155 |
||
| 100 | _a20081014d1983 |||y0rusy50 ca | ||
| 101 | 0 | _ager | |
| 102 | _aRU | ||
| 105 | _aac z 000zy | ||
| 200 | 1 |
_aSowjetische wissenschaftlichen Kosmos-Forschungen _fВалерий Антонов, Николай Комиссаров |
|
| 210 |
_aΜ. _cAPN-Verl. _d1983 |
||
| 215 |
_a[48] с. _cил., цв. ил., портр. _d16×22 см |
||
| 300 | _aВ вып. дан.: Советские научные космические исследования | ||
| 300 | _aАвт. указаны в вып. дан. | ||
| 517 | 1 | _aСоветские научные космические исследования | |
| 606 |
_aКосмическое пространство _xИсследование _yСССР _2nlr_sh1 |
||
| 686 |
_aВ657е(2) _2rubbk |
||
| 686 |
_a06 _2rubbk |
||
| 700 | 1 |
_aAntonov _bV. _gValerij _4070 |
|
| 701 | 1 |
_aKomissarov _bN. _gNikolaj _4070 |
|
| 801 | 1 |
_aRU _bNLR _c20081014 |
|
| 801 | 0 |
_aRU _bNLR _gPSBO |
|
| 852 |
_aNLR _jА01 Д-6/25 |
||
| 942 | _cBOOK | ||
| 980 | _aNB | ||